V spojení s Poľskom: 11. ročník medzinárodného hudobného festivalu Levočské babie leto, 5.-7.októbra 2018

Bibliographic Details
Main Author: Conway, David (Author)
Format: Article
Language:Slovak
ISSN:2453-7055
Subjects:

MARC

LEADER 00000nab a2200000 r4500
001 vtls011781769
003 SK-MaSNL
005 20260304013430.0
008 181001c2018 xo wr|p|||||||000 b|slo
015 |a SNBRB2018/09 
038 |a PPPK 
040 |a PPPKCL  |b slo  |e rda 
041 0 |a slo 
043 |a e-xo--- 
044 |a xo  |c SK 
072 7 |a 316.7  |x Sociológia kultúry. Kultúrny život  |2 konspekt 
080 |a 316.72/.75-027.22  |2 2011 
080 |a 782/785  |2 2011 
080 |a 78.079  |x (437.6)  |2 2011 
100 1 |a Conway, David  |4 aut  |9 1294436 
245 1 0 |a V spojení s Poľskom: 11. ročník medzinárodného hudobného festivalu Levočské babie leto, 5.-7.októbra 2018  |c David Conway 
336 |a text  |b txt  |2 rdacontent 
337 |a bez média  |b n  |2 rdamedia 
338 |a zväzok  |b nc  |2 rdacarrier 
611 2 7 |a Levočské babie leto  |n (11. :  |d 2018 :  |c Levoča, Slovensko)  |2 pppkcl  |9 1294437 
648 7 |a 4.-7.10.2018  |2 pppkcl  |9 1294438 
650 0 7 |a kultúrny život  |2 pppkcl  |9 3182 
650 0 7 |a vážna hudba  |2 pppkcl  |9 3218 
650 0 7 |a hudobné festivaly  |2 pppkcl  |9 2958 
651 7 |a Levoča (Slovensko)  |2 pppkcl  |9 26696 
773 0 |t Limka : informačný magazín mesta Levoča  |g Roč. III, č. 9 (2018), s. 20  |x 2453-7055 
852 |a PPPK  |b KIS3GCP 
999 |c 2575781  |d 2577711